Le marriage en droit canonique / (Record no. 59964)
[ view plain ]
| 000 -LEADER | |
|---|---|
| campo de control de longitud fija | 00619nam a2200205 i 4500 |
| 001 - NÚMERO DE CONTROL | |
| campo de control | 59964 |
| 003 - IDENTIFICADOR DE NÚMERO DE CONTROL | |
| campo de control | ES-MaACL |
| 005 - FECHA Y HORA DE LA ÚLTIMA TRANSACCIÓN | |
| campo de control | 20260201063014.0 |
| 007 - CAMPO FIJO DE DESCRIPCIÓN FÍSICA--INFORMACIÓN GENERAL | |
| campo de control de longitud fija | t| |
| 008 - DATOS DE LONGITUD FIJA--INFORMACIÓN GENERAL | |
| campo de control de longitud fija | 031031s1929 fr ||||1| fre d |
| 100 1# - ENTRADA PRINCIPAL--NOMBRE DE PERSONA | |
| Nombre de persona | Esmein, Adhémar, |
| Fechas asociadas al nombre | 1848-1913 |
| 9 (RLIN) | 154477 |
| 245 13 - MENCIÓN DEL TÍTULO | |
| Título | Le marriage en droit canonique / |
| Mención de responsabilidad, etc. | A. Esmein. |
| 250 ## - MENCION DE EDICION | |
| Mención de edición | 2eme ed. |
| Resto de la mención de edición | mise a jour par R. Génestal. |
| 260 ## - PUBLICACIÓN, DISTRIBUCIÓN, ETC. | |
| Lugar de publicación, distribución, etc. | Paris : |
| Nombre del editor, distribuidor, etc. | Recueil Sirey, |
| Fecha de publicación, distribución, etc. | 1929 ( |
| Lugar de fabricación/manufactura | Bar-le-Duc : |
| Fabricante | Contant Laguerre) |
| 300 ## - DESCRIPCIÓN FÍSICA | |
| Extensión | 477 p. ; |
| Dimensiones | 23 cm. |
| 500 ## - NOTA GENERAL | |
| Nota general | Es el T. I. |
| 700 1# - ENTRADA AGREGADA--NOMBRE PERSONAL | |
| Nombre de persona | Génestal, R. |
| 9 (RLIN) | 56301 |
| 852 ## - LOCALIZACIÓN | |
| Ubicación | ES-MaACL |
| Número de control de estantería | C-8126 |
| Estatus retirado | Estado de pérdida | Estado de daño | No para préstamo | Biblioteca de origen | Biblioteca actual | Ubicación en estantería | Fecha de adquisición | Fuente de adquisición | Total de préstamos | Signatura topográfica completa | Código de barras | Visto por última vez | Precio de reemplazo | Tipo de ítem Koha |
|---|---|---|---|---|---|---|---|---|---|---|---|---|---|---|
| Biblioteca del Ateneo de Madrid | Biblioteca del Ateneo de Madrid | Sala Palomar | 17/01/2008 | C-8126 | 1062888 | 23/02/2023 | 23/02/2023 | Libro impreso |
